000 01695cam a2200349 i 4500
999 _c64940
_d64940
001 934504678
003 OCoLC
005 20190410100010.0
008 160415s2016 miu g b 001 0 eng
010 _a2016017619
020 _a9781587433931
020 _a1587433931
040 _aDLC
_bspa
_erda
_cCO-MdFUSB
_dBTCTA
_dYDXCP
_dBDX
_dOCLCO
_dOCLCF
_dXBE
_dLNT
_dUtOrBLW
041 _aeng
082 _224
_aG 230.42
_bV256b
100 1 _aVanhoozer, Kevin J.,
_eautor.
245 1 0 _aBiblical authority after Babel
_b: retrieving the solas in the spirit of mere Protestant Christianity
_c/ Kevin J. Vanhoozer.
264 1 _aGrand Rapids, Michigan :
_bBrazos Press,
_c℗[2016]
264 4 _c©2016
300 _axii, 269 páginas ;
_c24 cm.
336 _2rdacontent.
_atexto
_btxt
337 _2rdamedia.
_asin mediación
_bn
338 _2rdacarrier.
_avolumen
_bnc
501 _aIncluye índices (páginas 257- 269)
504 _aBibliografía (páginas 235- 255)
505 0 _aIntroducción: ¿Debería la iglesia arrepentirse o recuperar la Reforma?: secularismo, escepticismo y cisma, ¡ay! -- Gracia sola: la mera ontología protestante, la economía y la teleología del evangelio -- La fe sola: el mero principio protestante de la autoridad -- Sólo las Escrituras: el mero modelo protestante de la autoridad interpretativa -- Solo en Cristo: el real sacerdocio de todos los creyentes -- Solo para la gloria de Dios: la riqueza de las naciones santas -- Conclusión: del protestantismo católico al evangelicalismo protestante.
650 7 _aIglesias protestantes
_9222
650 7 _aReforma
_9221
650 0 _aProtestantismo
_9947
942 _cBK